000 00415nam a2200157Ia 4500
003 Ost
005 20260225132541.0
008 260225s9999||||xx |||||||||||||| ||und||
040 _cfsic
041 _afre
082 _a658.8
100 _aE.deschaidre et autre
_eAuteur
245 0 _aTechnologie de l'information et de la communication pour l'enseignement /
245 0 _cE.deschaidre et autre
942 _cكتاب
999 _c33494
_d33494